Microeconomía (Registro nro. 31)
[ vista simple ]
| 000 -LEADER | |
|---|---|
| fixed length control field | 01522 a2200241 4500 |
| 001 - CONTROL NUMBER | |
| control field | 39 |
| 005 - DATE AND TIME OF LATEST TRANSACTION | |
| control field | 20260407155404.0 |
| 008 - FIXED-LENGTH DATA ELEMENTS--GENERAL INFORMATION | |
| fixed length control field | 260407a2001 arg spa d |
| 003 - CONTROL NUMBER IDENTIFIER | |
| control field | AR-UNSa-BCEJYS |
| 040 ## - CATALOGING SOURCE | |
| Original cataloging agency | AR-UNSa-BCEJYS |
| Language of cataloging | spa |
| Transcribing agency | AR-UNSa-BCEJYS |
| 080 ## - UNIVERSAL DECIMAL CLASSIFICATION NUMBER | |
| Universal Decimal Classification number | 330.101.542 |
| Common auxiliary subdivision | Microeconomía |
| 020 ## - INTERNATIONAL STANDARD BOOK NUMBER | |
| International Standard Book Number | 978-968-444-442-3 |
| 100 1# - MAIN ENTRY--PERSONAL NAME | |
| Personal name | Parkin, Michael |
| 245 10 - TITLE STATEMENT | |
| Title | Microeconomía |
| Name of part/section of a work | versión para Latinoamerica |
| 250 ## - EDITION STATEMENT | |
| Edition statement | 5a. ed. |
| 264 #1 - PRODUCTION, PUBLICATION, DISTRIBUTION, MANUFACTURE, AND COPYRIGHT NOTICE | |
| Place of production, publication, distribution, manufacture | México : |
| Name of producer, publisher, distributor, manufacturer | Pearson Educación |
| Date of production, publication, distribution, manufacture, or copyright notice | 2001 |
| 300 ## - PHYSICAL DESCRIPTION | |
| Extent | xxxviii, 541 p. |
| Dimensions | 25 cm. |
| 505 ## - FORMATTED CONTENTS NOTE | |
| Formatted contents note | 1. ¿Qué es la economía? - 2. Elaboración y utilización de gráficas - 3. El problema económico - 4. Oferta y demanda - 5. La elasticidad - 6. Eficiencia y equidad - 7. Los mercados en la práctica - 8. Utilidad y demanda - 9. Posibilidades, preferencias y elecciones - 10. Organización de la producción - 11. Producción y costos - 12. Competencia perfecta - 13. Monopolio - 14. Competencia monopolística y oligopolio - 15. Demanda y oferta en mercado de factores - 16. Mercado de trabajo - 17. Desigualdad, redistribución y atención médica - 18. Fallas de mercado y elección pública - 19. Regulación y legislación antimonopolio - 20. Las externalidades, el medio ambiente y el conocimiento - 21. Incertidumbre e información - 22. El comercio en el mundo<br/> |
| 590 ## - LOCAL NOTE (RLIN) | |
| Local note | niveau_biblio:m niveau_hierar:0 |
| 700 1# - ADDED ENTRY--PERSONAL NAME | |
| Personal name | Esquivel, Gerardo |
| 856 41 - ELECTRONIC LOCATION AND ACCESS | |
| Uniform Resource Identifier | <a href="https://biblioeco.unsa.edu.ar/pmb/images/libros/Microeconomia-l86515.jpg">https://biblioeco.unsa.edu.ar/pmb/images/libros/Microeconomia-l86515.jpg</a> |
| Link text | Imagen de portada |
| Electronic format type | image/jpeg |
| 942 ## - ADDED ENTRY ELEMENTS (KOHA) | |
| Koha item type | |
| Withdrawn status | Lost status | Damaged status | Not for loan | Home library | Current library | Shelving location | Date acquired | Total checkouts | Full call number | Barcode | Date last seen | Price effective from | Koha item type | Public note |
|---|---|---|---|---|---|---|---|---|---|---|---|---|---|---|
| Biblioteca Prof. Eusebio Cleto del Rey | Biblioteca Prof. Eusebio Cleto del Rey | 07/04/2026 | 330.101.542 P247 5ed. | L86515 | 07/04/2026 | 07/04/2026 | Libro | PÁG 30 Y 31 REPARADAS - PÁG 30 ROTA - 3° PÁGINA REPARADA - HÚMEDO - LÁPIZ LEVE - PÁG 151 PEGADA CON CINTA - ÚLTIMA PÁG ROTA | ||||||
| Biblioteca Prof. Eusebio Cleto del Rey | Biblioteca Prof. Eusebio Cleto del Rey | 07/04/2026 | 330.101.542 P247 5ed. | L86535 | 07/04/2026 | 07/04/2026 | Libro | LÁPIZ - HOJAS MANCHADAS - POCO HÚMEDO EL CANTO - PÁGINAS HÚMEDAS - PÁG 73 SUELTA | ||||||
| Biblioteca Prof. Eusebio Cleto del Rey | Biblioteca Prof. Eusebio Cleto del Rey | 07/04/2026 | 330.101.542 P247 5ed. | L127442 | 07/04/2026 | 07/04/2026 | Libro | LÁPIZ |